|
|
|
|
| LEADER |
00825nas a2200217 i 4500 |
| 001 |
acta35817 |
| 005 |
20200729131118.0 |
| 008 |
161017s2015 hu o 0|| eng d |
| 022 |
|
|
|a 1417-3875
|
| 024 |
7 |
|
|a http://dx.doi.org/14232/ejqtde.2015.1.33
|2 doi
|
| 040 |
|
|
|a SZTE Egyetemi Kiadványok Repozitórium
|b hun
|
| 041 |
|
|
|a eng
|
| 100 |
1 |
|
|a Bonanno Gabriele
|
| 245 |
1 |
0 |
|a Existence results for a two point boundary value problem involving a fourth-order equation
|h [elektronikus dokumentum] /
|c Bonanno Gabriele
|
| 260 |
|
|
|c 2015
|
| 300 |
|
|
|a 1-9
|
| 490 |
0 |
|
|a Electronic journal of qualitative theory of differential equations
|
| 695 |
|
|
|a Differenciálegyenlet
|
| 700 |
0 |
1 |
|a Chinnì Antonia
|e aut
|
| 700 |
0 |
1 |
|a Tersian Stepan
|e aut
|
| 856 |
4 |
0 |
|u http://acta.bibl.u-szeged.hu/35817/1/ejqtde_2015_033_001-009.pdf
|z Dokumentum-elérés
|